Quiz o Krakowie - Statystyki

Ogólne statystyki
  • Ten quiz został rozwiązany 4 137 razy
    3 548 od ostatniego zresetowania
  • Średni wynik to 10 z 15
Statystyki odpowiedzi
Wskazówka Odpowiedź % Poprawnych
Kraków znajduje się w tym województwie Małopolskie
94%
Legendarny stwór, którego kryjówką miała być jaskinia u podnóża wzgórza wawelskiego Smok wawelski
90%
Najstarszy istniejący polski klub piłkarski Cracovia
87%
Najstarsza polska uczelnia, ufundowana 12 maja 1364 r. Uniwersytet Jagielloński
87%
Prezydent III RP urodzony w Krakowie Andrzej Duda
84%
Autor dramatu "Wesele" Stanisław Wyspiański
79%
Największa pod względem powierzchni dzielnica Krakowa, symbol komunizmu Nowa Huta
71%
Niemiecka nazwa miasta Krakau
68%
Park otaczający Stare Miasto Planty
61%
Charakterystyczna część fortyfikacji miejskich, znajdująca się przed Bramą Floriańską Barbakan
60%
Jego imię nosi największe krakowskie lotnisko Jan Paweł II
53%
Ostatni prezydent miasta Aleksander Miszalski
50%
Jednym z utworów tego zespołu jest "Krakowski spleen" Maanam
48%
Najwyższy budynek K1 (Błękitek)/Unity Tower (Szkieletor)
38%
Władca, który przeniósł stolicę z Gniezna do Krakowa Kazimierz Odnowiciel
33%
Nie znaleziono quizów pasujących do podanych kryteriów
Rozkład punktacji
Procent ludzi z każdym wynikiem
Percentyl według liczby udzielonych odpowiedzi
Twoja historia wyników
Nie rozwiązałeś tego quizu od ostatniego zresetowania